| 000 | 00568nam a22001695i 4500 | ||
|---|---|---|---|
| 001 | 158097 | ||
| 003 | ES-MaACL | ||
| 005 | 20230906211016.0 | ||
| 008 | 980709s1848 sp |||| | spa d | ||
| 040 |
_aCYL _bspa _cCYL |
||
| 100 | 1 |
_aLorente, Francisco. _9129070 |
|
| 245 | 1 | 3 |
_aLa ciudad eterna ó Los cristianos _b: poema en diez cantos / _cpor Francisco Lorente. |
| 260 |
_aMadrid : _b[s.n.], _c1848 ( _fImprenta de Alejandro Gomez Fuentenebro) |
||
| 300 |
_aXVI, 295 p. ; _c20 cm. |
||
| 752 |
_aEspaña - _dMadrid |
||
| 852 |
_aES-MaACL _jG-12946 _z-- Enc. pasta |
||
| 999 |
_c158097 _d158097 |
||